Programming in Pascal (Record no. 5955)

000 -LEADER
fixed length control field 00536 a2200157 4500
020 ## - INTERNATIONAL STANDARD BOOK NUMBER
International Standard Book Number 0023998156
040 ## - CATALOGING SOURCE
Original cataloging agency DLC
Language of cataloging DLC
082 00 - DEWEY DECIMAL CLASSIFICATION NUMBER
Classification number 055.133
100 1# - MAIN ENTRY--PERSONAL NAME
Personal name Riddle, Douglas F.
245 10 - TITLE STATEMENT
Title Programming in Pascal
Statement of responsibility, etc. Douglas F. Riddle.
260 ## - PUBLICATION, DISTRIBUTION, ETC.
Place of publication, distribution, etc. San Francisco :
Name of publisher, distributor, etc. Dellen ;
Place of publication, distribution, etc. Toronto :
Name of publisher, distributor, etc. Collier Macmillan Canada ;
Place of publication, distribution, etc. New York :
Name of publisher, distributor, etc. Maxwell Macmillan International Pub. Group,
Date of publication, distribution, etc. c1991.
300 ## - PHYSICAL DESCRIPTION
Extent xiii, 508 p. :
Other physical details ill. ;
Dimensions 24 cm.
500 ## - GENERAL NOTE
General note Includes index.
650 #0 - SUBJECT ADDED ENTRY--TOPICAL TERM
Topical term or geographic name entry element Pascal (Computer program language)
942 ## - ADDED ENTRY ELEMENTS (KOHA)
Koha item type Book
Call number prefix 005.133 RID
Source of classification or shelving scheme
Holdings
Withdrawn status Lost status Damaged status Not for loan Collection code Permanent Location Current Location Shelving location Date acquired Source of acquisition Total Checkouts Full call number Barcode Date last seen Price effective from Koha item type
          Central Library (CL) Central Library (CL) First Floor - Software Engineering/ Programming Language 10/20/2005 Donation   005.133 RID SEECS006592 11/14/2012 01/05/2017 Book
© 2023 Central Library, National University of Sciences and Technology. All Rights Reserved.